000 00501cam a2200157 4500500
005 20260329015547.0
041 _afre
042 _adc
100 1 0 _aAuzel, François
_eauthor
700 1 0 _aMoncorgé, Richard
_eauthor
245 0 0 _aOptical properties of rare earths
260 _c2026.
500 _a38
786 0 _nOptics and photonics | - | 2026-03-05 | p. 6-6
856 4 1 _uhttps://stm.cairn.info/materials-for-optics-and-lasers--bdti42450210-e1980-page-6?lang=en&redirect-ssocas=7080
999 _c1898997
_d1898997